00305nam a2200121Ia 4500008004100000020002200041041000800063082002400071100001200095245004100107260002600148300000900174230411s9999 xx 000 0 und d a978 0 7637 4975 0 aeng aAD/610.7/CLA/B05608 aClark C aClassroom Skills For Nurse Educators bGeneralaBostonc2008 a417p